| 000 | 00651nam a2200205 i 4500 | ||
|---|---|---|---|
| 001 | 32557 | ||
| 003 | ES-MaACL | ||
| 005 | 20250814011830.0 | ||
| 007 | t| | ||
| 008 | 030131s1963 cl |||| | spa d | ||
| 100 | 1 |
_aBertalanffy, Ludwig von. _928419 |
|
| 245 | 1 | 0 |
_aConcepción biológica del Cosmos / _cLudwig von Bertalanffy ; traducción de Faustino Cordón. |
| 260 |
_aSantiago de Chile : _bUniversidad de Chile, _c1963. |
||
| 300 |
_aXXXII, 245 p. ; _c23 cm. |
||
| 650 | 0 | 7 |
_aBiología _2embne _910580 |
| 700 | 1 |
_aCordón, Faustino. _940557 |
|
| 710 | 2 |
_aUniversidad de Chile. _97162 |
|
| 852 |
_aES-MaACL _jC-30744 |
||
| 999 |
_c32557 _d32557 |
||